书目信息 |
| 题名: |
美国环境政策研究
|
|
| 作者: | 李丽平 著 | |
| 分册: | 二 | |
| 出版信息: | 北京 中国环境出版社 2017.10 |
|
| 页数: | 339页 | |
| 开本: | 24cm | |
| 丛书名: | ||
| 单 册: | ||
| 中图分类: | X-017.12 | |
| 科图分类: | ||
| 主题词: | 环境政策--研究--美国 | |
| 电子资源: | ||
| ISBN: | 978-7-5111-3277-2 | |
| 000 | 00958nam0 2200217 450 | |
| 001 | 1104 | |
| 005 | 20180929082629.54 | |
| 010 | @a978-7-5111-3277-2@dCNY98.00 | |
| 100 | @a20180217d2017 em y0chiy50 ea | |
| 101 | 0 | @achi |
| 102 | @aCN@b110000 | |
| 105 | @ay z 000yy | |
| 200 | 1 | @a美国环境政策研究@9mei guo huan jing zheng ce yan jiu@h二@f李丽平等著 |
| 210 | @a北京@c中国环境出版社@d2017.10 | |
| 215 | @a339页@d24cm | |
| 330 | @a本书共13章,分为四大部分,第一部分为综合篇,内容为在中国当前同等发展阶段的美国环境保护措施、在中国当前同等发展阶段时的美国环境与贸易政策研究;第二部分为大气污染治理篇,分别讨论了美国大气排污许可证、臭氧污染控制、船舶和港口污染防治等;第三部分为水污染治理篇,包括水质交易、PPP、弗林特饮用水危机等;第四部分为土壤污染防治篇,分析了美国超级基金政策。 | |
| 606 | 0 | @a环境政策@x研究@y美国 |
| 690 | @aX-017.12@v5 | |
| 701 | 0 | @a李丽平@9li li ping@c(女)@4著 |
| 801 | 0 | @aCN@b91MARC@c20180217 |
| 905 | @aMuseLib@dX-017.12@e233:2 | |
| 美国环境政策研究.二/李丽平等著.-北京:中国环境出版社,2017.10 |
| 339页;24cm |
| ISBN 978-7-5111-3277-2:CNY98.00 |
| 本书共13章,分为四大部分,第一部分为综合篇,内容为在中国当前同等发展阶段的美国环境保护措施、在中国当前同等发展阶段时的美国环境与贸易政策研究;第二部分为大气污染治理篇,分别讨论了美国大气排污许可证、臭氧污染控制、船舶和港口污染防治等;第三部分为水污染治理篇,包括水质交易、PPP、弗林特饮用水危机等;第四部分为土壤污染防治篇,分析了美国超级基金政策。 |
| ● |
| 相关链接 |
|
|
|
|
正题名:美国环境政策研究
索取号:X-017.12/233:2
 
预约/预借
| 序号 | 登录号 | 条形码 | 馆藏地/架位号 | 状态 | 备注 |
| 1 | 1121184 | 211211847 | 第二样本阅览室/ [索取号:X-017.12/233:2] | 在馆 | |
| 2 | 1121185 | 211211856 | 第三借阅区/ [索取号:X-017.12/233:2] | 在馆 | |
| 3 | 1121186 | 211211865 | 第三借阅区/ [索取号:X-017.12/233:2] | 在馆 | |
| 4 | 1121187 | 211211874 | 第三借阅区/ [索取号:X-017.12/233:2] | 在馆 | |
| 5 | 1121188 | 211211883 | 密集书库-资源管理系/ [索取号:X-017.12/233:2] | 在馆 |